WGA's 101 Greatest Screenplays of the 21st Century (*so far) - Statistics

General Stats
  • This quiz has been taken 54 times
  • The average score is 63 of 101
Answer Stats
Position Year Starring Answer % Correct
3 2010 Jesse Eisenberg The Social Network
97%
4 2019 Song Kang-ho Parasite
93%
57 2018 Chadwick Boseman Black Panther
90%
13 2005 Heath Ledger Brokeback Mountain
90%
1 2017 Daniel Kaluuya Get Out
90%
5 2007 Javier Bardem No Country for Old Men
90%
38 2008 Dev Patel Slumdog Millionaire
90%
26 2008 Christian Bale The Dark Knight
90%
76 2001 Elijah Wood The Lord of the Rings: The Fellowship of the Ring
90%
80 2017 Frances McDormand Three Billboards Outside Ebbing, Missouri
90%
2 2004 Jim Carrey Eternal Sunshine of the Spotless Mind
86%
47 2000 Russell Crowe Gladiator
86%
6 2016 Mahershala Ali Moonlight
86%
97 2020 Frances McDormand Nomadland
86%
88 2007 Jonah Hill Superbad
86%
7 2007 Daniel Day-Lewis There Will Be Blood
86%
32 2014 Miles Teller Whiplash
86%
51 2014 Michael Keaton Birdman or (The Unexpected Virtue of Ignorance)
83%
93 2006 Sacha Baron Cohen Borat
83%
92 2016 Emma Stone La La Land
83%
34 2004 Lindsay Lohan Mean Girls
83%
74 2012 Jamie Foxx Django Unchained
79%
29 2015 Amy Poehler Inside Out
79%
28 2019 Taika Waititi Jojo Rabbit
79%
24 2006 Elliot Page Juno
79%
49 2019 Daniel Craig Knives Out
79%
16 2017 Saoirse Ronan Lady Bird
79%
77 2004 Simon Pegg Shaun of the Dead
79%
73 2010 Colin Firth The King's Speech
79%
33 2009 Ed Asner Up
79%
10 2000 Guy Pearce Memento
76%
63 2013 Leonardo DiCaprio The Wolf of Wall Street
76%
44 2010 Tom Hanks Toy Story 3
76%
54 2013 Chiwetel Ejiofor 12 Years a Slave
72%
65 2016 Casey Affleck Manchester by the Sea
72%
22 2019 Leonardo DiCaprio Once Upon a Time in Hollywood
72%
12 2011 Melissa McCarthy Bridesmaids
69%
79 2017 Timothée Chalamet Call Me By Your Name
69%
89 2019 Saoirse Ronan Little Women
69%
40 2008 Colin Farrell In Bruges
66%
19 2003 Bill Murray Lost in Translation
66%
41 2001 Naomi Watts Mulholland Drive
66%
87 2017 Daniel Day-Lewis Phantom Thread
66%
45 2018 Olivia Colman The Favourite
66%
9 2000 Kate Hudson Almost Famous
62%
43 2001 Audrey Tatou Amélie
62%
85 2012 Ben Affleck Argo
62%
27 2016 Amy Adams Arrival
62%
90 2018 John David Washington BlackKklansman
62%
59 2014 Ethan Hawke Boyhood
62%
78 2000 Julia Roberts Erin Brockovich
62%
60 2003 Albert Brooks Finding Nemo
62%
37 2010 Leonardo DiCaprio Inception
62%
100 2001 Reese Witherspoon Legally Blonde
62%
101 2012 Bradley Cooper Silver Linings Playbook
62%
71 2018 Shameik Moore Spider-Man: Into the Spider-Verse
62%
94 2005 Steve Carell The 40-Year-Old Virgin
62%
25 2014 Ralph Fiennes The Grand Budapest Hotel
62%
61 2008 Jeremy Renner The Hurt Locker
62%
11 2002 Nicolas Cage Adaptation
59%
69 2019 Beanie Feldstein Booksmart
59%
17 2013 Joaquin Phoenix Her
59%
8 2009 Brad Pitt Inglorious Basterds
59%
53 2014 Jake Gyllenhaal Nightcrawler
59%
75 2001 George Clooney Ocean's Eleven
59%
15 2004 Paul Giamatti Sideways
59%
48 2004 Craig T. Nelson The Incredibles
59%
14 2001 Gene Hackman The Royal Tenenbaums
59%
39 2004 Ethan Hawke Before Sunset
55%
23 2020 Carey Mulligan Promising Young Woman
55%
67 2001 Rumi Hiiragi Spirited Away
55%
31 2015 Mark Ruffalo Spotlight
55%
35 2008 Ben Burtt WALL-E
55%
98 2010 Jennifer Lawrence Winter's Bone
55%
21 2006 Steve Carell Little Miss Sunshine
52%
56 2011 Brad Pitt Moneyball
52%
62 2018 Yalitza Aparicio Roma
52%
91 2019 Awkwafina The Farewell
52%
95 2007 Patton Oswalt Ratatouille
48%
50 2015 Alicia Vikander Ex-Machina
45%
20 2007 George Clooney Michael Clayton
45%
55 2015 Christian Bale The Big Short
45%
30 2006 Matt Damon The Departed
45%
84 2012 Joaquin Phoenix The Master
45%
96 2007 Ryan Gosling Lars and the Real Girl
41%
42 2009 Michael Stuhlbarg A Serious Man
38%
72 2013 Oscar Isaac Inside Llewyn Davis
38%
68 2015 Tom Hardy Mad Max: Fury Road
38%
99 2000 George Clooney O Brother, Where Art Thou?
38%
86 2001 Gael García Bernal Y Tu Máma También
38%
36 2006 Ivana Baquero Pan's Labyrinth
34%
82 2006 Hugh Jackman The Prestige
34%
70 2002 Alexandre Rodrigues City of God
31%
83 2011 Owen Wilson Midnight in Paris
31%
64 2016 Jeff Bridges Hell or High Water
24%
81 2015 Colin Farrell The Lobster
24%
46 2007 Mark Ruffalo Zodiac
24%
66 2011 Leila Hatami A Separation
21%
18 2006 Julianne Moore Children of Men
14%
58 2000 Laura Linney You Can Count on Me
14%
52 2007 Martina Gedeck The Lives of Others
10%
No matching quizzes found
Score Distribution
Percent of People with Each Score
Percentile by Number Answered
Your Score History
You have not taken this quiz